
Library Catalogue

| 000 -LEADER | |
|---|---|
| fixed length control field | 02631nam a2200217Ia 4500 |
| 003 - CONTROL NUMBER IDENTIFIER | |
| control field | OSt |
| 005 - DATE AND TIME OF LATEST TRANSACTION | |
| control field | 20210528121223.0 |
| 008 - FIXED-LENGTH DATA ELEMENTS--GENERAL INFORMATION | |
| fixed length control field | 160316s2012 xxu||||| |||| 00| 0 eng d |
| 020 ## - INTERNATIONAL STANDARD BOOK NUMBER | |
| International Standard Book Number | 9781107023826 |
| 040 ## - CATALOGING SOURCE | |
| Transcribing agency | n |
| 082 ## - DEWEY DECIMAL CLASSIFICATION NUMBER | |
| Classification number | 341.762000 |
| Item number | MOR |
| 100 ## - MAIN ENTRY--PERSONAL NAME | |
| Personal name | Morgera Elisa |
| 245 ## - TITLE STATEMENT | |
| Title | The external environmental policy of the European Union : EU and international law perspectives |
| 260 ## - PUBLICATION, DISTRIBUTION, ETC. | |
| Place of publication, distribution, etc. | Cambridge |
| Name of publisher, distributor, etc. | Cambridge University Press |
| Date of publication, distribution, etc. | 2012 |
| 300 ## - PHYSICAL DESCRIPTION | |
| Extent | 417p |
| Dimensions | xviii |
| 365 ## - TRADE PRICE | |
| Price amount | Rs. 6,930 |
| 505 ## - FORMATTED CONTENTS NOTE | |
| Formatted contents note | Table of contents<br/>Introduction; <br/>Part I. The EU Legal and Institutional Framework After Lisbon: <br/>1. The formalities and substance of EU external environmental competence: stuck between climate change and competitiveness H. H. B. Vedder; <br/>2. Coherence and EU external environmental policy M. Cremona; <br/>3. The post-Lisbon institutions and EU external environmental policy C. Damro; <br/>4. The EU's representation in multilateral environmental negotiations after Lisbon M. Buck; <br/>5. A Member State's perspective on the post-Lisbon framework for the EU's representation in multilateral environmental negotiations J. Thomson; <br/>Part II. Insights Into EU Practice: <br/>6. Climate change in EU external relations: please follow my example (or I might force you to) K. Kulovesi; <br/>7. EU external action on forests: FLEGT and the development of international law A. Savaresi; <br/>8. Environmental integration in EU trade policy: the Generalised System of Preferences, trade sustainability impact assessments and free trade agreements R. Zvelc; <br/>9. Environmental integration in EU development cooperation: responding to international commitments or its own policy priorities? G. Marin Duran; <br/>10. The trajectory of EU biodiversity cooperation: supporting environmental multilateralism through EU external action E. Morgera; <br/>Part III. The EU and International Environmental Law: <br/>11. The human rights dimension of environmental protection in EU external relations post-Lisbon D. Augenstein; 12. The EU and compliance mechanisms of multilateral environmental agreements: the case of the Aarhus Convention A. Ali; <br/>13. Joint responsibility between the EU and Member States for non-performance of obligations under multilateral environmental agreements A. Nollkaemper; <br/>14. Controversial aspects of the interaction between international and EU law in environmental matters: direct effect and Member States' unilateral measures R. Pavoni; <br/>Conclusions E. Morgera. |
| 650 ## - SUBJECT ADDED ENTRY--TOPICAL TERM | |
| Topical term or geographic name entry element | 1. Environmental Law - European Union Countries2. Environmental Policy3. Environmental Law - International |
| 700 ## - ADDED ENTRY--PERSONAL NAME | |
| Personal name | |
| -- | |
| 942 ## - ADDED ENTRY ELEMENTS (KOHA) | |
| Source of classification or shelving scheme | Dewey Decimal Classification |
| Koha item type | BOOKs |
| Withdrawn status | Lost status | Damaged status | Not for loan | Home library | Current library | Shelving location | Date acquired | Cost, normal purchase price | Total Checkouts | Full call number | Barcode | Date last seen | Price effective from | Koha item type |
|---|---|---|---|---|---|---|---|---|---|---|---|---|---|---|
| . | . | 30.05.2017 | 6930.00 | 341.762 MOR | 29390 | 30.05.2017 | 30.05.2017 | BOOKs |